Statistics for Movies that Start with S

Click here to take the quiz!

General Stats

  • This quiz has been taken 39,985 times
    (20,182 since last reset)
  • The average score is 11 of 18

Answer Stats

DescriptionMovie% Correct
Musical Austrian family must escape from the NazisSound of Music, the
88%
Michael Jordan leads a team of toons in a basketball game against monstersSpace Jam
79%
Heroic factory owner rescues Jews during the HolocaustSchindler's List
78%
Impoverished Indian youth competes on a trivia game showSlumdog Millionaire
78%
Guitarist impersonates a substitute teacher and forms his students into a rock bandSchool of Rock
77%
Innocent man tunnels to freedom after twenty years in prisonShawshank Redemption, the
76%
Serial killer kills people that commit deadly sinsSe7en
71%
Gladiator sparks a massive slave revolt in ancient RomeSpartacus
69%
To catch a serial killer, an FBI agent needs help from a different serial killerSilence of the Lambs, the
67%
If Santa falls off your roof and dies, YOU become SantaSanta Clause, the
56%
Violent Cuban gangster gets cocaine, money, power, and women
after arriving in Miami
Scarface
56%
Team of DC Comics supervillains work for the U.S. governmentSuicide Squad
56%
Documentarian eats all his meals at a certain fast food restaurantSuper Size Me
56%
Pacific Northwest architect finds true love after his son calls in to a radio showSleepless in Seattle
53%
Mob witness hides in the last place anyone would ever expect - a conventSister Act
50%
Backyard baseballers must face a deadly dog to retrieve a signed baseballSandlot, the
40%
Posh, Ginger, Scary, and company prepare for a concert at Royal Albert HallSpice World
39%
Aging crew of a spaceship travel back in time to kidnap a pair humpback whalesStar Trek IV:
The Voyage Home
35%

Score Distribution

Percentile by Number Answered

Percent of People with Each Score

Your Score History

You have not taken this quiz since the last reset